000 00306nam a2200121Ia 4500
008 190216s9999||||xx |||||||||||||| ||und||
100 _aLaud B B
245 0 _aFundamentals Of Statistical Mechanics
260 _bNew Age International Publishers
_c1998
300 _a259p
650 _aPhysics
942 _cBK
999 _c34413
_d34413